Normal view
MARC view
Entry Personal Name
001 - CONTROL NUMBER
- control field: 18995
003 - CONTROL NUMBER IDENTIFIER
- control field: OSt
005 - DATE AND TIME OF LATEST TRANSACTION
- control field: 20240724105038.0
008 - FIXED-LENGTH DATA ELEMENTS
- fixed length control field: 240724|| aca||aabn | a|a d
040 ## - CATALOGING SOURCE
- Original cataloging agency: OSt
- Transcribing agency: OSt
100 ## - HEADING--PERSONAL NAME
- Personal name: Moutinho, Luiz
670 ## - SOURCE DATA FOUND
- Source citation: Work cat.: (OSt)9288: Hutcheson, Graeme. 18992, Statistical modeling for management /, 2008.
